00548nam a2200157 a 450000500170000000800410001702000180005805000220007610000170009824500690011526000390018430000220022352001050024565000220035065000180037220140412111307.0010503s19uu xx 00 eng d a0-590-42910-8 aTR(PS EbSc7 1986 aBunting, Eve aScary, scary halloween /cby Eve Bunting; pictures by Jan Brett. aNew York :bScholastic Inc,c1986. a1v. (unp.) ; ill. aI peer outside, there's something there that makes me shiver, spikes my hair. It must be halloween. aHalloween-Stories aScary-Stories